Normal view MARC view
  • Esakkirajan, S

Entry Personal Name

Number of records used in: 1

001 - CONTROL NUMBER

  • control field: 102634

003 - CONTROL NUMBER IDENTIFIER

  • control field: NUST

005 - DATE AND TIME OF LATEST TRANSACTION

  • control field: 20221115122901.0

008 - FIXED-LENGTH DATA ELEMENTS

  • fixed length control field: 221115|| aca||aabn | a|a d

040 ## - CATALOGING SOURCE

  • Original cataloging agency: NUST
  • Transcribing agency: NUST

100 ## - HEADING--PERSONAL NAME

  • Personal name: Esakkirajan, S

670 ## - SOURCE DATA FOUND

  • Source citation: Work cat.: (NUST)189549: Jayaraman, Subramania. 102633, Digital image processing /(Include CD) , c2009.
© 2023 Central Library, National University of Sciences and Technology. All Rights Reserved.